Open Data Biblioteca Nacional de Portugal


República Portuguesa: Ministério da Cultura
Biblioteca Nacional de Portugal

Catálogo da BNP: acesso por Identificadores Unívocos
Registos Bibliográficos associados ao registo de autoridade

Etiqueta de registo: 00254nam 2200025 450
001 2284288
003 http://id.bnportugal.gov.pt/bib/catbnp/2284288
100 ## $a20260414d2025 k y0pory01030103ba
101 0# $aspa$deng$dpor
102 ## $aPT
105 ## $aa m 000yy
106 ## $ar
200 1# $aPrácticas digitales optimizadoras en textos escritos por estudiantes universitarios de español como lengua extranjera$fGrauben Helena Navas de Pereira$gorient. Lina Morgado, Antonio Chenoll Mora
210 #9 $a[S.l.$cs.n.],$d2025
215 ## $aXXV, 455 p.$cil.$d30 cm
328 #1 $aTese dout. Didática das Línguas - Multilinguismo e Educação para a Cidadania Global (ensino do espanhol), Universidade Aberta, Universidade Nova de Lisboa, 2025
700 #1 $aPereira,$bGrauben Helena Navas de$31995578
702 #1 $aMorgado,$bLina,$f1958-$4727$3149952
702 #1 $aChenoll Mora,$bAntonio$4727$31624121
801 #0 $aPT$bBN$gRPC
966 ## $lBN$mFGMON$x1
971 ## $corlando$d20260414

OpendataBNP@bnportugal.pt | Mais informação sobre acesso aos dados BNP